| 000 -LEADER |
| fixed length control field |
02534nam a22001817a 4500 |
| 003 - CONTROL NUMBER IDENTIFIER |
| control field |
OSt |
| 005 - DATE AND TIME OF LATEST TRANSACTION |
| control field |
20181016105130.0 |
| 008 - FIXED-LENGTH DATA ELEMENTS--GENERAL INFORMATION |
| fixed length control field |
180307b xxu||||| |||| 00| 0 spa d |
| 040 ## - CATALOGING SOURCE |
| Transcribing agency |
PJ |
| 100 ## - ASIENTO PRINCIPAL - NOMBRE DE PERSONA |
| 9 (RLIN) |
528 |
| Personal name |
Mosset Iturraspe, Jorge |
| 245 10 - MENCIÓN DE TÍTULO |
| Título propiamente dicho |
Regulación del tránsito y del transporte automotor : |
| Parte restante del título |
decreto 692/92 / |
| Mención de responsabilidad, etc |
Jorge Mosset Iturraspe, Horacio Daniel Rosatti. |
| 260 ## - PUBLICATION, DISTRIBUTION, ETC. (IMPRINT) |
| Place of publication, distribution, etc |
Buenos Aires : |
| Name of publisher, distributor, etc |
Rubinzal - Culzoni, |
| Date of publication, distribution, etc |
1992. |
| 300 ## - DESCRIPCION FISICA |
| Extent |
527 p. ; |
| Dimensions |
23 cm. |
| 505 ## - FORMATTED CONTENTS NOTE |
| Formatted contents note |
Contenido:<br/>Contenido:<br/>Antecedentes y derecho comparado -- Principios generales del decreto 692/92 -- El transito, concepto y normatividad -- La salud como capital social -- La autoridad de control: ¿Policía de seguridad o inspectores municipales? La razonabilidad como principio rector del control de transito -- La naturaleza jurídica del decreto nacional 692/92 -- Reglamento nacional de transito y transporte (Anexo I del decreto 692/92) Principios básicos (artículos 1º a 5º) -- Los fines del decreto -- Los convenios internacionales -- Coordinación federal (artículos 6º a 8º) -- Transito y federalismo -- Accidentología y estadísticas -- El usuario de la vía publica (artículos 9º a 19 ) -- Sobre las edades mínima y máxima para conducir -- Las escuelas o academias de conductores -- La licencia de conductor -- La vía pública (artículos 20 a 25 ) -- Señalamiento vial -- La prioridad del transporte público -- El vehículo (artículos 26 a 36 ) -- Caracterización y clasificación -- Los ruidos molestos o nocivos provenientes de los vehículos y la protección del medio ambiente -- Consideración jurisprudencial del vehículo .Critica -- Responsabilidad del fabricante -- La circulación ( artículos 34 a 67 ) -- Sobre la prioridad normativa -- El peatón -- Prioridades y adelantamientos -- Documentación exigible para transitar -- Accidentes y seguro -- Bases para el procedimiento (artículos 68 a 73 ) Sobre la naturaleza jurídica de la transgresión a las norma de transito -- Responsabilidad del titular registral -- La identificación de la autoridad de control -- El proceso de faltas -- Medidas cautelares -- Régimen de sanciones (artículos 74 a 88) Clasificación de las faltas de transito -- Cuestiones especiales vinculadas con la responsabilidad -- Las sanciones -- Normativa laboral y de seguridad (Anexo II del decreto 692/92) -- Accidentes de transito eximentes -- Decreto 292/92. |
| 650 #0 - ASIENTO SECUNDARIO DE MATERIA - TERMINO TEMATICO |
| 9 (RLIN) |
352 |
| Topical term or geographic name as entry element |
DERECHO CIVIL |
| 650 #0 - ASIENTO SECUNDARIO DE MATERIA - TERMINO TEMATICO |
| 9 (RLIN) |
1821 |
| Topical term or geographic name as entry element |
DERECHOS REALES |
| 942 ## - ADDED ENTRY ELEMENTS (KOHA) |
| Source of classification or shelving scheme |
|
| Koha item type |
Libros |
| Classification part |
347.232:347.3 |
| Item part |
MOS |